Sinh thái học các hệ cửa sông Việt Nam Khai thác, duy trì và quản lý tài nguyên cho phát triển bền vững
Sách trình bày những khái niệm cơ bản về vùng cửa sông, những đặc tính chung của vùng cửa sông, các hệ cửa sông cơ bản,...
Guardado en:
| Autor principal: | |
|---|---|
| Formato: | Libro |
| Lenguaje: | Undetermined |
| Publicado: |
Hà Nội
Giáo dục Việt Nam
2009
|
| Materias: | |
| Etiquetas: |
Agregar Etiqueta
Sin Etiquetas, Sea el primero en etiquetar este registro!
|
| Thư viện lưu trữ: | Trung tâm Học liệu Trường Đại học Cần Thơ |
|---|
| LEADER | 00897nam a2200217Ia 4500 | ||
|---|---|---|---|
| 001 | CTU_176655 | ||
| 008 | 210402s9999 xx 000 0 und d | ||
| 020 | |c 43500 | ||
| 082 | |a 577.6 | ||
| 082 | |b T106 | ||
| 100 | |a Vũ, Trung Tạng | ||
| 245 | 0 | |a Sinh thái học các hệ cửa sông Việt Nam | |
| 245 | 0 | |b Khai thác, duy trì và quản lý tài nguyên cho phát triển bền vững | |
| 245 | 0 | |c Vũ Trung Tạng | |
| 260 | |a Hà Nội | ||
| 260 | |b Giáo dục Việt Nam | ||
| 260 | |c 2009 | ||
| 520 | |a Sách trình bày những khái niệm cơ bản về vùng cửa sông, những đặc tính chung của vùng cửa sông, các hệ cửa sông cơ bản,... | ||
| 650 | |a Aquatic ecology,Sinh thái học nước | ||
| 904 | |i Trọng Hiếu | ||
| 980 | |a Trung tâm Học liệu Trường Đại học Cần Thơ | ||